01140nam a2200289Ia 450000500170000000800410001702000180005804100080007608200140008410000340009824501250013225000360025730000250029349000130031850000450033158600360037660000590041260000600047165000520053170000470058370000480063026400490067833600270072733700330075433800280078704000350081520220317001901.0170410s2010 m g 000 0 s  a9789681685300 aspa04a824bL27c1 aLessing, Doris Mayd1919-201314aLas cárceles elegidascDoris Lessing ; traducción de María Antonia Neira Bigorra y Juan Carlos Rodríguez Aguilar a2a. edición, 1a reimpresión a104 páginasc21 cm aTezontle aIncluye datos biográficos de la autora aPremio Nobel de Literatura 200714aLessing, Doris Mayd1919-2013vColecciones de escritos14aLessing, Doris Mayd1919-2013vPensamiento filosófico142LEMBaCambio socialvEnsayos, conferencias, etc1 aNeira Bigorra, María Antoniaetraductora1 aRodríguez Aguilar, Juan Carlosetraductor aMéxicobFondo de Cultura Económicac2010 atextobtxt2rdacontent asin mediaciónbn2rdamedia avolumenbnc2rdacarrier aCO-BoRNBPbspaerdacCO-BoRNBP